000
00329nam a2200121Ia 4500
008
220217s9999 xx 000 0 und d
245
0
_a
Specification for rubber hose for gas welding and allied processes.
260
_c
1975
500
_a
Standard number: BS 5120
650
_a
Gas welding
650
_a
Rubber hose
942
_c
ST
999
_c
73103
_d
73103